000 00324 a2200157 4500
001 189965
020 _a85-08-02871-7
040 _cMagnum
100 _aOrthof, Sylvia
240 1 0 _aJoão feijão
_lpor
245 1 0 _aJoão feijão
362 0 _a2005
440 1 _aÁtica
697 _aLITERATURA INFANTIL
942 _cBK
999 _c189965
_d189965